<?xml version="1.0" encoding="UTF-8"?>
<record
    xmlns:xsi="http://www.w3.org/2001/XMLSchema-instance"
    xsi:schemaLocation="http://www.loc.gov/MARC21/slim http://www.loc.gov/standards/marcxml/schema/MARC21slim.xsd"
    xmlns="http://www.loc.gov/MARC21/slim">

  <leader>00717nam a22001217a 4500</leader>
  <datafield tag="040" ind1=" " ind2=" ">
    <subfield code="c">RUA</subfield>
  </datafield>
  <datafield tag="082" ind1=" " ind2=" ">
    <subfield code="a">A267 &#x179A;&#x179F;&#x17CB; 2019 C160 Or.1</subfield>
  </datafield>
  <datafield tag="100" ind1=" " ind2=" ">
    <subfield code="a">&#x179A;&#x179F;&#x17CB; &#x179F;&#x17BB;&#x1781;&#x179B;&#x17C0;&#x1784;,</subfield>
  </datafield>
  <datafield tag="245" ind1=" " ind2=" ">
    <subfield code="a">SUN YAT-SEN, &#x179F;&#x17CA;&#x17BB;&#x1793; &#x1799;&#x17C9;&#x17B6;&#x178F;&#x179F;&#x17C1;&#x1793;, &#x1794;&#x17B7;&#x178F;&#x17B6;&#x1793;&#x17C3;&#x1794;&#x17D2;&#x179A;&#x1791;&#x17C1;&#x179F;&#x1785;&#x17B7;&#x1793; &#x17A2;&#x17D2;&#x1793;&#x1780;&#x178A;&#x17C2;&#x179B;&#x179A;&#x17C0;&#x1794;&#x1785;&#x17C6;&#x1798;&#x17BC;&#x179B;&#x178A;&#x17D2;&#x178B;&#x17B6;&#x1793;&#x1782;&#x17D2;&#x179A;&#x17BA;&#x17C7;&#x1793;&#x1799;&#x17C4;&#x1794;&#x17B6;&#x1799;&#x1793;&#x17C3;&#x1780;&#x17B6;&#x1782;&#x17D2;&#x179A;&#x1794;&#x17CB;&#x1782;&#x17D2;&#x179A;&#x1784;&#x1791;&#x17BB;&#x1780;&#x1794;&#x17B6;&#x1793;&#x1799;&#x17C9;&#x17B6;&#x1784;&#x179B;&#x17D2;&#x17A2;&#x1793;&#x17B7;&#x1784;&#x1787;&#x17B6;&#x17A2;&#x17D2;&#x1793;&#x1780;&#x1794;&#x178A;&#x17B7;&#x179C;&#x178F;&#x17D2;&#x178F;&#x1795;&#x17D2;&#x179B;&#x17B6;&#x179F;&#x17CB;&#x1794;&#x17D2;&#x178A;&#x17BC;&#x179A;&#x1785;&#x17B7;&#x1793;&#x1786;&#x17D2;&#x1796;&#x17C4;&#x17C7;&#x1791;&#x17C5;&#x179A;&#x1780;&#x1797;&#x17B6;&#x1796;&#x17A2;&#x179F;&#x17D2;&#x1785;&#x17B6;&#x179A;&#x17D2;&#x1799;</subfield>
  </datafield>
  <datafield tag="260" ind1=" " ind2=" ">
    <subfield code="a">PHNOM PENH</subfield>
    <subfield code="b">RUA</subfield>
    <subfield code="c">2019</subfield>
  </datafield>
  <datafield tag="300" ind1=" " ind2=" ">
    <subfield code="a">126p.</subfield>
    <subfield code="b">ill.</subfield>
    <subfield code="c">22cm.</subfield>
  </datafield>
  <datafield tag="942" ind1=" " ind2=" ">
    <subfield code="c">&#x17A2;&#x1797;&#x17B7;&#x179C;&#x178C;&#x17D2;&#x178D;&#x1793;&#x17CD;</subfield>
  </datafield>
  <datafield tag="999" ind1=" " ind2=" ">
    <subfield code="c">25665</subfield>
    <subfield code="d">25665</subfield>
  </datafield>
  <datafield tag="952" ind1=" " ind2=" ">
    <subfield code="0">0</subfield>
    <subfield code="1">0</subfield>
    <subfield code="4">0</subfield>
    <subfield code="6">A_267_000000000000000_&#x179A;&#x179F;_2019_C160_OR_1</subfield>
    <subfield code="7">0</subfield>
    <subfield code="9">106179</subfield>
    <subfield code="a">LBC</subfield>
    <subfield code="b">LBC</subfield>
    <subfield code="c">C160</subfield>
    <subfield code="d">2026-04-06</subfield>
    <subfield code="o">A267 &#x179A;&#x179F;&#x17CB; 2019 C160 Or.1</subfield>
    <subfield code="p">B7121182</subfield>
    <subfield code="r">2026-04-06</subfield>
    <subfield code="y">&#x17A2;&#x1797;&#x17B7;&#x179C;&#x178C;&#x17D2;&#x178D;&#x1793;&#x17CD;</subfield>
  </datafield>
</record>
